<?xml version="1.0" encoding="UTF-8"?>
<collection xmlns:xsi="http://www.w3.org/2001/XMLSchema-instance" xsi:schemaLocation="http://www.loc.gov/MARC21/slim http://www.loc.gov/standards/marcxml/schema/MARC21slim.xsd" xmlns="http://www.loc.gov/MARC21/slim">
 <record>
  <leader>00000ctm a22000003a 4500</leader>
  <controlfield tag="001">UP-99796217610304060</controlfield>
  <controlfield tag="003">Buklod</controlfield>
  <controlfield tag="005">20120511154600.0</controlfield>
  <controlfield tag="006">m     o  j        </controlfield>
  <controlfield tag="007">ta</controlfield>
  <controlfield tag="008">120511s2012    xx     d     r    |||| u|</controlfield>
  <datafield tag="035" ind1=" " ind2=" ">
   <subfield code="a">(iLib)UPD-00184903582</subfield>
  </datafield>
  <datafield tag="040" ind1=" " ind2=" ">
   <subfield code="a">DLS</subfield>
  </datafield>
  <datafield tag="041" ind1=" " ind2=" ">
   <subfield code="a">eng</subfield>
  </datafield>
  <datafield tag="090" ind1=" " ind2=" ">
   <subfield code="a">LG 995 2012 L4</subfield>
   <subfield code="b">C33</subfield>
  </datafield>
  <datafield tag="100" ind1="0" ind2=" ">
   <subfield code="a">Cabanilla, Gianina Angela Celine O.</subfield>
   <subfield code="e">author.</subfield>
  </datafield>
  <datafield tag="245" ind1="0" ind2="0">
   <subfield code="a">Towards designing a library research instruction program for English 10 (College English) at UP Diliman</subfield>
   <subfield code="c">Gianina Angela Celine O. Cabanilla ; Kathleen Lourdes B. Obille, adviser ; Vyva Victoria M. Aguirre, reader.</subfield>
  </datafield>
  <datafield tag="264" ind1=" " ind2="1">
   <subfield code="a">Quezon City : School of Library and Information Studies, University of the Philippines Diliman</subfield>
   <subfield code="c">2012.</subfield>
  </datafield>
  <datafield tag="300" ind1=" " ind2=" ">
   <subfield code="a">xvi, 271 leaves</subfield>
   <subfield code="b">illustrations</subfield>
  </datafield>
  <datafield tag="500" ind1=" " ind2=" ">
   <subfield code="a">Vita.</subfield>
  </datafield>
  <datafield tag="502" ind1=" " ind2=" ">
   <subfield code="a">Thesis (Master of Library and Information Science)--University of the Philippines Diliman</subfield>
   <subfield code="d">April 2012.</subfield>
  </datafield>
  <datafield tag="520" ind1="3" ind2=" ">
   <subfield code="a">Qualitative analysis was used to prepare a full picture of the teaching strategies and library research experiences of 118 English 10 students, 10 English 10 teachers, and 3 UP main library reference librarians over a four-month period for the 2nd Semester, !Y 2010-2011 in the University of the Philippines, Diliman.  The participants were interviewed concerning their demographic conditions such as student's year level, gender, and academic major, teachers' and reference librarians' educational attainment, years of English 10 teaching experience, years of teaching library research in the university, rank designation, normal educational attainment, and the areas in which they described their teaching strategies and library research experiences.</subfield>
  </datafield>
  <datafield tag="520" ind1="3" ind2=" ">
   <subfield code="a">The researcher took the role of observer/interviewer for the sessions.  Interviews and talk during English 10 sessions with the teachers, students, and reference librarians were transcribed, coded and contextualized, adding to the understanding of the design of a library research instruction module for English 10. Using a grounded theory methodology created by Strauss and Corbin (1998), transcript of the interviews were divided by linguistic idea units and coded according to categories and subcategories, processes, influencing conditions, strategies and outcomes related to library research instruction, which contributed to the articulation of the theories and the modules.  The grounded theory methodology created by Strauss and Corbin (1998), transcripts of the interviews were divided by linguistic idea units and coded according to categories and subcategories, processes, influencing conditions, strategies, and outcomes related to library research instruction, which contributed to the articulation of the theories and the modules.  The grounded theories exist in three areas: (1) English 10 teachers group; (2) UP main library reference librarian group; and (3) English 10 students group.  Additionally, a coding scheme was created out of the ACRL Information Literacy Competency Standards for Higher Education precepts and from the responses of this study that focused on the performance indicators which helped objectify the nature of the module's model of instruction.</subfield>
  </datafield>
  <datafield tag="520" ind1="3" ind2=" ">
   <subfield code="a">Findings revealed that although reference librarians were providing library instruction sessions that some English 10 faculty members and 10 English 10 students found to be beneficial, walk-ins and one-to-one assistance, activities that incorporated both technical and pedagogical strategies were still necessary.  This study provides information that can be used to assist academic librarians when preparing to teach library research instruction and to assist academic libraries in redesigning and developing library research instruction activities for preparing librarians to teach undergraduates.  The Library Research Instruction Program for English 10 (LRIE) that serves as the core of the work provide and instructional module that can be used by librarians for diversifying their instructional delivery with engaging learning tasks.</subfield>
  </datafield>
  <datafield tag="650" ind1="1" ind2="7">
   <subfield code="a">Library orientation</subfield>
   <subfield code="x">Aids and devices.</subfield>
  </datafield>
  <datafield tag="650" ind1="1" ind2="7">
   <subfield code="a">Library orientation for college students</subfield>
   <subfield code="z">Philippines</subfield>
   <subfield code="z">Quezon City.</subfield>
  </datafield>
  <datafield tag="700" ind1="1" ind2=" ">
   <subfield code="a">Obille, Kathleen Lourdes B.</subfield>
   <subfield code="e">adviser.</subfield>
  </datafield>
  <datafield tag="700" ind1="1" ind2=" ">
   <subfield code="a">Aguirre, Vyva Victoria M.</subfield>
   <subfield code="e">reader.</subfield>
  </datafield>
  <datafield tag="905" ind1=" " ind2=" ">
   <subfield code="a">FI</subfield>
  </datafield>
  <datafield tag="905" ind1=" " ind2=" ">
   <subfield code="a">UP</subfield>
  </datafield>
  <datafield tag="852" ind1="0" ind2=" ">
   <subfield code="a">UPD</subfield>
   <subfield code="b">DARCHIVES</subfield>
   <subfield code="h">LG 995 2012 L4</subfield>
   <subfield code="i">C33</subfield>
  </datafield>
  <datafield tag="852" ind1="0" ind2=" ">
   <subfield code="a">UPD</subfield>
   <subfield code="b">DLS</subfield>
   <subfield code="h">LG 995 2012 L4 C33</subfield>
  </datafield>
  <datafield tag="942" ind1=" " ind2=" ">
   <subfield code="a">Thesis</subfield>
  </datafield>
 </record>
</collection>
